000 01469cam a2200133 4500500
005 20260329023139.0
041 _afre
042 _adc
100 1 0 _aClair, Isabelle
_eauthor
245 0 0 _aSociologie du genre
260 _bArmand Colin,
_c2023.
520 _aTraduit de l’anglo-américain, le concept de genre s’est progressivement imposé en France au cours des quinze dernières années. Il recouvre désormais un corpus incluant d’autres concepts qui l’ont précédé, tels que « rapports sociaux de sexe » ou « domination masculine ». L’objectif de ce manuel est de mieux cerner la polysémie du genre et d’introduire aux recherches prolifiques qui sont rassemblées sous sa bannière.Tous les travaux de la sociologie du genre ont en commun une problématique : la construction sociale de la différence hiérarchisée des sexes et/ou des sexualités ; une histoire, commencée dans les années 1970, ancrée dans une critique féministe de la sociologie de l’époque qui voyait dans la classe sociale le seul clivage pertinent pour analyser les relations sociales ; une ambition : faire la preuve, enquête après enquête, de la transversalité des rapports de sexe et de sexualité dans le monde social, et convaincre de la nécessité de leur prise en compte dans l’élaboration de n’importe quel objet sociologique.
856 4 1 _uhttps://shs.cairn.info/sociologie-du-genre--9782200629373?lang=fr&redirect-ssocas=7080
999 _c1925070
_d1925070